Krizis v jevrozone: primer Grecii
Výskumy a publikácie týkajúce sa menovej únie. Objektívne faktory dlhovej krízy v Grécku. Opatrenia gréckej vlády. Vzťah gréckeho obyvateľstva k dlhovej krízovej situácii. Medzinárodná finančná pomoc.
Salvato in:
| Autore principale: | |
|---|---|
| Altri autori: | |
| Natura: | Capitolo di libro |
| Lingua: | russo |
| Soggetti: | |
| Tags: |
Nessun Tag, puoi essere il primo ad aggiungerne!!
|
MARC
| LEADER | 00000naa a2200000 4500 | ||
|---|---|---|---|
| 001 | 0261112 | ||
| 005 | 20240502083747.6 | ||
| 041 | 0 | |a rus | |
| 044 | |a MD | ||
| 245 | 1 | 0 | |a Krizis v jevrozone: primer Grecii |c Katarína Brocková, Ľudmila Lipková |
| 520 | |a Výskumy a publikácie týkajúce sa menovej únie. Objektívne faktory dlhovej krízy v Grécku. Opatrenia gréckej vlády. Vzťah gréckeho obyvateľstva k dlhovej krízovej situácii. Medzinárodná finančná pomoc. | ||
| 610 | 2 | 0 | |a eurozóna |
| 610 | 2 | 0 | |a únie menové |
| 610 | 2 | 0 | |a dlhy verejné |
| 610 | 2 | 0 | |a zadlženosť |
| 610 | 2 | 0 | |a Grécko |
| 100 | 1 | |a Brocková, Katarína, 1976- | |
| 700 | 1 | |a Lipková, Ľudmila | |